000 00771nam a2200193Ia 4500
999 _c26294
_d54292
037 _aBC_1423 09
040 _aBC-ENSA
_bfre
041 _afre
100 _aGARCIA, Serge
_925273
111 _aSymposium sur la science et le défi de l'aménagement des pêcheries de petits pélagiques sur les stocks partagés en Afrique nord-occidentale
_cRome
_d11/03/2008-14/03/2008
245 _aScience and management of small pelagics
_cSerge Garcia, Merete Tandstad, Ana Maria Caramelo
246 _ascience et aménagement des petits pélagiques
260 _aRome
_bFAO
_c2012
300 _bill.
_a403 p.
_c30 cm
562 _e01 exemplaire(s)
942 _c01
490 _a2333
650 _aPECHES/PECHE PELAGIQUE/GESTION DES PECHES/POLITIQUE DES PECHES/AFRIQUE OCCIDENTALE